Escuela de Artes y Oficios y de Capataces de Bilbao (Record no. 25290)

MARC details
000 -LEADER
campo de control de longitud fija 00618nam a2200157 i 4500
001 - NÚMERO DE CONTROL
campo de control 25290
003 - IDENTIFICADOR DE NÚMERO DE CONTROL
campo de control ES-MaACL
005 - FECHA Y HORA DE LA ÚLTIMA TRANSACCIÓN
campo de control 20230906153230.0
007 - CAMPO FIJO DE DESCRIPCIÓN FÍSICA--INFORMACIÓN GENERAL
campo de control de longitud fija t|
008 - DATOS DE LONGITUD FIJA--INFORMACIÓN GENERAL
campo de control de longitud fija 021223s1910 sp ||||1| spa d
100 1# - ENTRADA PRINCIPAL--NOMBRE DE PERSONA
Nombre de persona Arancibia y Lebario, Juan de.
9 (RLIN) 22275
245 10 - MENCIÓN DEL TÍTULO
Título Escuela de Artes y Oficios y de Capataces de Bilbao
Resto del título : memoria relativa al curso de 1909 a 1910 /
Mención de responsabilidad, etc. presentada por el Secretario de la Junta Juan de Arancibia y Lebario.
260 ## - PUBLICACIÓN, DISTRIBUCIÓN, ETC.
Lugar de publicación, distribución, etc. Bilbao :
Nombre del editor, distribuidor, etc. [s.n.,
Fecha de publicación, distribución, etc. 1910] (
Fabricante Imp. de la Casa de Misericordia)
610 24 - PUNTO DE ACCESO ADICIONAL DE MATERIA--NOMBRE DE ENTIDAD CORPORATIVA
Nombre de entidad corporativa o nombre de jurisdicción como elemento de entrada Escuela de Artes y Oficios (Bilbao)-
Subdivisión de forma Memorias.
9 (RLIN) 153306
852 ## - LOCALIZACIÓN
Ubicación ES-MaACL
Número de control de estantería T-1237-F-2
Holdings
Estatus retirado Estado de pérdida Estado de daño No para préstamo Colección Biblioteca de origen Biblioteca actual Ubicación en estantería Fecha de adquisición Fuente de adquisición Total de préstamos Signatura topográfica completa Código de barras Visto por última vez Precio de reemplazo Tipo de ítem Koha
        Colección de folletos Biblioteca del Ateneo de Madrid Biblioteca del Ateneo de Madrid Depósito folletos 17/01/2008     T-1237-F-2 1026073 23/02/2023 23/02/2023 Folleto